Pártértekezlet Mórahalmon mérlegen öt esztendő
Elmentve itt :
| Dokumentumtípus: | Cikk |
|---|---|
| Megjelent: |
1985-02-25
|
| Sorozat: | Délmagyarország
75 No. 46 |
| Kulcsszavak: | Fülöp László, Mórahalom, Politikai élet párt Magyar Szocialista Munkáspárt Mórahalom |
| Online Access: | http://dmarchiv.bibl.u-szeged.hu/86432 |
| LEADER | 00505nab a2200145 i 4500 | ||
|---|---|---|---|
| 001 | delm86432 | ||
| 005 | 20190916133400.0 | ||
| 008 | 190916s1985 hu o 0|| hun d | ||
| 040 | |a SZTE Délmagyarország Archívum |b hun | ||
| 041 | |a hun | ||
| 245 | 0 | 0 | |a Pártértekezlet Mórahalmon |h [elektronikus dokumentum] : |b mérlegen öt esztendő |
| 260 | |c 1985-02-25 | ||
| 300 | |a 8 | ||
| 490 | 0 | |a Délmagyarország |v 75 No. 46 | |
| 695 | |a Fülöp László, Mórahalom, Politikai élet párt Magyar Szocialista Munkáspárt Mórahalom | ||